| 000 | 00579nam a2200229Ia 4500 | ||
|---|---|---|---|
| 003 | OSt | ||
| 005 | 20220924151906.0 | ||
| 006 | a|||||r|||| 00| 0 | ||
| 007 | ta | ||
| 008 | 220923b |||||||| |||| 00| 0 mar d | ||
| 024 | _a339527 | ||
| 037 | _cTextual | ||
| 040 |
_aARTS _cARTS _bmar |
||
| 041 |
_2mar _amar |
||
| 082 | _aO156,1:g, K2 | ||
| 100 |
_aJoshi Suresh Au. _9155702 |
||
| 245 | 0 | _aGijrato Kavitano asvad | |
| 260 | _c1962 | ||
| 650 | _aGUJRATI LITERATURE | ||
| 942 |
_hO156,1:g, K2 _cTEXL _2CC |
||
| 999 |
_c467969 _d467969 |
||